000 004320000a22001690004500
003 MACL
005 20151230131540.0
008 151230b xxu||||| |||| 00| 0 eng d
040 _aMACL
_cMACL
041 _aEnglish
082 _a321.07/SAM
100 _aSampson, George
_924845
245 _aThe Utopia of Sir Thomas More
260 _bG Bell & Sons Ltd
_c1910
650 _aPolitical Science
_988
942 _cBK
_k321.07/SAM
_2ddc
999 _c38148
_d38148